LEADER 01191nam 2200397 450 001 9910407753603321 005 20221007100309.0 010 $a1-83968-562-X 035 $a(CKB)4100000011325271 035 $a(NjHacI)994100000011325271 035 $a(EXLCZ)994100000011325271 100 $a20221007d2020 uy 0 101 0 $aeng 135 $aur||||||||||| 181 $ctxt$2rdacontent 182 $cc$2rdamedia 183 $acr$2rdacarrier 200 00$aTransportation Systems Analysis and Assessment /$fStefano De Luca, Roberta Di Pace, Boban Djordjevic, editors 210 1$aLondon :$cIntechOpen,$d[2020] 210 4$dİ2020 215 $a1 online resource (236 pages) 311 $a1-83968-561-1 606 $aTransport$xPlanification 606 $aTransportation$xPlanning 615 0$aTransport$xPlanification. 615 0$aTransportation$xPlanning. 676 $a387.50621 702 $aLuca$b Stefano De 702 $aPace$b Roberta Di 702 $aDjordjevic$b Boban 801 0$bNjHacI 801 1$bNjHacl 906 $aBOOK 912 $a9910407753603321 996 $aTransportation Systems Analysis and Assessment$91915657 997 $aUNINA